00943nam a22002057a 4500003000900000008004100009040007100050082001600121100002200137245007500159260003400234300002800268505031400296650002800610650001300638650002200651700001900673700001900692700002600711AR-CdUCM191108b ||||| |||| 00| 0 spa d aMUNICIPALIDAD PROVINCIAL DEL CUSCOcBIBLIOTECA MUNICIPAL DEL CUSCO a339 / bA14 aAbramovitz, Moses aLa asignación de los recursos economicos: bcolección de ensayos / aMexico :bNuevo Mundo,c1964. a336 páginas ;b23 cm. aContenido : Interpretación de las tendencias seculares del producto y del ingreso nacionales desde el punto de vista del bienestar -- los costos y la producción -- Hacia una teoría del ajuste de precios -- Las pensiones del desempleo y la asignación de los recursos -- Reflexiones sobre subconsumo ... aAnálisis de politica  aEconomia aNormas economicas aAlchian, Armen aArrow, Paul A. aCartwright, Philip W.